000 00633cam a22002054a 4500
001 12665375
005 20251028200647.0
008 020201s2003 njua b 001 0 eng
020 _a0130452165
020 _a9780130452160
050 0 0 _aRT71
_b.D553 2003
082 0 0 _a610.73/071
_221
100 1 _aDeYoung, Sandra.
245 1 0 _aTeaching strategies for nurse educators /
_cSandra DeYoung.
260 _aUpper Saddle River, N.J. :
_bPrentice Hall Health,
_c2003.
300 _aviii, 280 p. :
_bill. ;
_c23 cm.
650 0 _aNursing
_xStudy and teaching.
650 1 2 _aTeaching
_xmethods
_vNurses' Instruction.
942 _2lcc
_cBK
_n0
999 _c7884
_d7884